| 000 | 00382nam a2200121Ia 4500 | ||
|---|---|---|---|
| 008 | 230907s9999||||xx |||||||||||||| ||und|| | ||
| 082 | _a333.7932,KIR | ||
| 100 |
_aKirschen, Daniel Sadi. _995570 |
||
| 245 | 0 | _aFundamentals of power system economics / | |
| 260 |
_aJohn Wiley & Sons, _bChichester, West Sussex, England ; | Hoboken, NJ : _c2004 |
||
| 300 | _axii, 284 p. | ||
| 942 | _cBK | ||
| 999 |
_c598020 _d598020 |
||